000 02710nam a22004098i 4500
001 2025006491
003 DLC
005 20251106145248.0
007 t|
008 250212s2025 utu 001 0 eng
010 _a 2025006491
020 _a9781639934270
_qhardback
020 _z9781649334640
_qebook
035 _a(OCoLC)1499255203
040 _aDLC
_beng
_erda
_cDLC
_dDLC
_dDLC-MRC
042 _apcc
050 0 0 _aTX739.2.C45
_bW754 2025
082 0 0 _aWright, Jason F.
_223/eng/20250227
092 _ageneral nonfiction
_b641.56 Wright, Jason F.
100 1 _aWright, Jason F.
_eauthor
_4aut
_4http://id.loc.gov/vocabulary/relators/aut
_977909
245 1 4 _aThe Christmas jars cookbook :
_brecipes, crafts, and heartwarming stories from our family to yours /
_cJason and Kodi Wright.
263 _a2510
264 1 _a[Salt Lake City] :
_bShadow Mountain Publishing,
_c[2025]
300 _apages cm.
336 _atext
337 _aunmediated
338 _avolume
490 0 _aChristmas jars
500 _aIncludes index.
520 _a"Inspired by the heartwarming tradition of Christmas Jars, the national phenomenon that has touched the lives of millions of people, Jason and his wife Kodi Wright have created a unique cookbook that celebrates the joy of giving through thirty delicious homemade recipes. Filled with mouthwatering and laugh-out-loud recipes like Rudolph's Maple Carrot Cupcakes, Kason's Caramel Apple Cheesecake Dip, and Christmas Movie Caramel Corn, these tasty treats are perfect for sharing with neighbors, friends, or anyone in need of a little holiday cheer. Much like the tradition behind the movement, the recipes in The Christmas Jars Cookbook are designed to be lovingly prepared and given away to friends, family, and neighbors. But this cookbook includes more than just food—it's filled with inspiring real-life stories from people who have given or received Christmas Jars, along with creative craft ideas. Whether it's a jar of Sift and Gift Hot Chocolate mix, a batch of Ginger Cream Cookies, or a heartfelt craft like Hope's Mini Decorative Wreath, these ideas will help you spread love and holiday spirit. Perfect for the giving season, The Christmas Jar Cookbook reminds us that the best gifts come from the heart—and sometimes, from the kitchen."
650 0 _aChristmas cooking
650 0 _aChristmas stories
655 7 _aCookbooks
_2lcgft
700 1 _aWright, Kodi E.
_eauthor
_4http://id.loc.gov/vocabulary/relators/aut
_96553148
776 1 _iOnline version
_aWright, Jason F.
_tChristmas jars cookbook
_dSalt Lake City] : Shadow Mountain Publishing, [2025
_z9781649334640
_w(DLC) 2025006492
942 _2ddc
_cBOOK
999 _c412232
_d412232